| 000 | 00688cam a2200229 a 4500 | ||
|---|---|---|---|
| 999 |
_c16684 _d16684 |
||
| 003 | OSt | ||
| 005 | 20180518114922.0 | ||
| 008 | 070917s2008 mauab b 001 0 eng | ||
| 020 | _a9780632054435 (pbk. : alk. paper) | ||
| 040 | _aSEKU | ||
| 050 | 0 | 0 |
_aQE 522 _b.P3 |
| 100 | 1 | _aParfitt, Elisabeth A. | |
| 245 | 1 | 0 |
_aFundamentals of physical volcanology / _cElisabeth A. Parfitt and Lionel Wilson. |
| 260 |
_aMalden, MA : _bBlackwell Pub., _c2008. |
||
| 300 |
_axi, 230 p. : _bill. ; |
||
| 504 | _aIncludes bibliographical references and index. | ||
| 650 | 0 | _aVolcanism. | |
| 650 | 0 | _aVolcanoes. | |
| 700 | 1 | _aWilson, Lionel, | |
| 856 | 4 | 2 | _3Publisher description |
| 942 |
_2lcc _cGEN |
||